Police charging practices for incidents of intimate partner violence in Canada

Saved in:  
Bibliographic Details
Authors: Dawson, Myrna (Author) ; Hotton, Tina (Author)
Format: Print Article
Language:English
Published: 2014
In: Journal of research in crime and delinquency
Year: 2014, Volume: 51, Issue: 5, Pages: 655-683
Check availability: HBZ Gateway
Keywords:

MARC

LEADER 00000caa a2200000 c 4500
001 1640205411
003 DE-627
005 20220608131409.0
007 tu
008 140825s2014 xx ||||| 00| ||eng c
035 |a (DE-627)1640205411 
035 |a (DE-576)412904659 
035 |a (DE-599)BSZ412904659 
040 |a DE-627  |b ger  |c DE-627  |e rakwb 
041 |a eng 
100 1 |a Dawson, Myrna  |0 (DE-588)1013898656  |0 (DE-627)705127664  |0 (DE-576)347936490  |4 aut 
109 |a Dawson, Myrna  |a Dawson, Myrna Faye 
245 1 0 |a Police charging practices for incidents of intimate partner violence in Canada  |c Myrna Dawson; Tina Hotton 
264 1 |c 2014 
336 |a Text  |b txt  |2 rdacontent 
337 |a ohne Hilfsmittel zu benutzen  |b n  |2 rdamedia 
338 |a Band  |b nc  |2 rdacarrier 
700 1 |a Hotton, Tina  |4 aut 
773 0 8 |i In  |t Journal of research in crime and delinquency  |d Thousand Oaks [u.a.] : Sage, 1964  |g 51(2014), 5, Seite 655-683  |w (DE-627)130438405  |w (DE-600)700175-7  |w (DE-576)015931730  |x 0022-4278  |7 nnas 
773 1 8 |g volume:51  |g year:2014  |g number:5  |g pages:655-683 
951 |a AR 
ELC |b 1 
LOK |0 000 xxxxxcx a22 zn 4500 
LOK |0 001 3301641318 
LOK |0 003 DE-627 
LOK |0 004 1640205411 
LOK |0 005 20250505114053 
LOK |0 008 140825||||||||||||||||ger||||||| 
LOK |0 040   |a DE-21-110  |c DE-627  |d DE-21-110 
LOK |0 689   |a s  |a Häusliche Gewalt 
LOK |0 689   |a s  |a Polizeiliches Handeln 
LOK |0 689   |a s  |a Anklageerhebung 
LOK |0 689   |a s  |a Geschlecht 
LOK |0 689   |a s  |a Beziehungsqualität 
LOK |0 852   |a DE-21-110 
LOK |0 852 1  |m p  |9 00 
LOK |0 938   |k p 
LOK |0 939   |a 25-08-14  |b l01 
ORI |a SA-MARC-krimdoka001.raw